000 00309nam a22001457a 4500
003 SGT
082 _a618.92
_bI66N
100 _aNOSOR, S.
245 _aINFECTIONS DISEASES OF CHILDHOOD
250 _a1ST
260 _aMOSCOW
_bMIR PUB
_c1966
300 _a415
650 _aPEDIATRICS
942 _2ddc
_cRARE
999 _c29370
_d29370